| 000 | 005800000a22001810004500 | ||
|---|---|---|---|
| 003 | MACL | ||
| 005 | 20160302155952.0 | ||
| 008 | 160302b xxu||||| |||| 00| 0 eng d | ||
| 040 |
_aMACL _cMACL |
||
| 041 | _aHindi | ||
| 082 | _a891.431 | ||
| 100 |
_aकुम्भज राजकमार _942159 |
||
| 245 | _aकच्चे घर के लिए | ||
| 260 |
_bमध्यप्रदेश साहित्रू परिषद प्रकाशन _c1980 _aभोपाल |
||
| 350 | _a12 | ||
| 650 |
_aPoetry _942160 |
||
| 942 |
_cHIN _k891.431 _2ddc |
||
| 999 |
_c28611 _d28611 |
||